Polskie tenisistki w XXI wieku - Statystyki

Ogólne statystyki
  • Ten quiz został rozwiązany 294 razy
  • Średni wynik to 5 z 7
Statystyki odpowiedzi
MIejsce Zawodniczka Najwyśze miejsce w rankngu WTA Rok % Poprawnych
1 Iga Świątek 1 2022
100%
2 Agnieszka Radwańska 2 2012
98%
4 Urszula Radwańska 29 2012
98%
3 Magda Linette 19 2023
90%
6 Magdalena Fręch 42 2014
80%
5 Marta Domachowska 37 2006
23%
7 Katarzyna Piter 95 2014
16%
Nie znaleziono quizów pasujących do podanych kryteriów
Rozkład punktacji
Procent ludzi z każdym wynikiem
Percentyl według liczby udzielonych odpowiedzi
Twoja historia wyników
Nie rozwiązałeś tego quizu